ෂර්ලොක් හෝම්ස් අභිරහස් පරික්ෂණ/

Saved in:
Bibliographic Details
Main Author: ඩොයිල්, ශ්‍රිමත් ආතර් කොනන්
Other Authors: රත්නායක, අජිත් ප්‍රියශාන්ත අනු
Format: Book
Language:English
Sinhalese
Published: ගණේමුල්ල: නිශාන්ත ප්‍රකාශන, 2024.
Subjects:
Tags: Add Tag
No Tags, Be the first to tag this record!

MARC

LEADER 00000nam a22000007a 4500
008 251004b |||||||| |||| 00| 0 eng d
020 |a 9786246016258 
041 |h sin 
082 |a 891.483  |b ඩොයිල් 
100 |a ඩොයිල්, ශ්‍රිමත් ආතර් කොනන් 
245 |a ෂර්ලොක් හෝම්ස් අභිරහස් පරික්ෂණ/ 
260 |a ගණේමුල්ල:  |b නිශාන්ත ප්‍රකාශන,  |c 2024. 
300 |a පි.191:  |c සෙ.මි.20 
650 0 |a පරිවර්තන 
700 |a රත්නායක, අජිත් ප්‍රියශාන්ත අනු. 
942 |c BK 
999 |c 26688  |d 26688